000 00856nam a2200241 4500
001 109138
003 ES-MaACL
005 20230906184801.0
007 t|
008 061121s1960 sp a 00010 por d
080 _a611(084.4)
100 1 _aMuedra, V.
_984027
245 1 0 _aAtlas de anatomía humana /
_ctexto, Vicente Muedra, S.J. ; dibujos, José Mª Llovet ; traduçao direta da quarta ediçao espanhola pelo Prof. Antonio Herranz ; revisada pelo Dr. Emmanuel Alrés.
250 _a2ª ed.
260 _aBarcelona :
_bDalmau y Jover,
_c1960.
300 _a[86] p. :
_bil. col. ;
_c20 cm.
546 _aTexto en portugués.
650 4 _aAnatomía humana-
_vAtlas.
_99802
700 1 _aLlovet, José María.
_972945
700 1 _aHerranz, Antonio.
_963159
700 1 _aAlrés, Emmanuel.
_920472
852 4 _aES-MaACL
_jF-8699
_z- Enc. espiral
999 _c109138
_d109138